<?xml version="1.0" encoding="UTF-8"?>
<record
    xmlns:xsi="http://www.w3.org/2001/XMLSchema-instance"
    xsi:schemaLocation="http://www.loc.gov/MARC21/slim http://www.loc.gov/standards/marcxml/schema/MARC21slim.xsd"
    xmlns="http://www.loc.gov/MARC21/slim">

  <leader>01040nam a22003137a 4500</leader>
  <controlfield tag="003">3228</controlfield>
  <controlfield tag="005">20250918131300.0</controlfield>
  <controlfield tag="008">250918b        sa ||||| |||| 00| 0 eng d</controlfield>
  <datafield tag="020" ind1=" " ind2=" ">
    <subfield code="a">9781861 471895</subfield>
    <subfield code="q">Paperback</subfield>
  </datafield>
  <datafield tag="040" ind1=" " ind2=" ">
    <subfield code="a">RDA</subfield>
    <subfield code="b">ENGLISH</subfield>
    <subfield code="c">3228</subfield>
  </datafield>
  <datafield tag="082" ind1=" " ind2="0">
    <subfield code="a">364.05 HALL</subfield>
  </datafield>
  <datafield tag="111" ind1=" " ind2=" ">
    <subfield code="9">178758</subfield>
    <subfield code="a">Bible Society of South Africa</subfield>
  </datafield>
  <datafield tag="245" ind1=" " ind2=" ">
    <subfield code="a">True crime</subfield>
    <subfield code="c">Allan Hall.</subfield>
  </datafield>
  <datafield tag="260" ind1=" " ind2=" ">
    <subfield code="a">Wigston [England]: </subfield>
    <subfield code="b">Abbeydale,</subfield>
    <subfield code="c">2007, &#xA9;1993.</subfield>
  </datafield>
  <datafield tag="300" ind1=" " ind2=" ">
    <subfield code="a"> 576 pages</subfield>
    <subfield code="b">Colour illustrations, portraits</subfield>
    <subfield code="c">22 cm</subfield>
  </datafield>
  <datafield tag="504" ind1=" " ind2=" ">
    <subfield code="a">Not Included</subfield>
  </datafield>
  <datafield tag="521" ind1=" " ind2=" ">
    <subfield code="a">Adult</subfield>
  </datafield>
  <datafield tag="630" ind1=" " ind2="0">
    <subfield code="9">185123</subfield>
    <subfield code="a">Inside the world's most famous intelligence agencies</subfield>
  </datafield>
  <datafield tag="648" ind1=" " ind2="0">
    <subfield code="9">185762</subfield>
    <subfield code="a">Kabbala</subfield>
  </datafield>
  <datafield tag="650" ind1=" " ind2="0">
    <subfield code="9">172198</subfield>
    <subfield code="a">Advice and Rights</subfield>
    <subfield code="v">Social Sciences</subfield>
  </datafield>
  <datafield tag="651" ind1=" " ind2="0">
    <subfield code="9">116385</subfield>
    <subfield code="a">South Africa</subfield>
  </datafield>
  <datafield tag="654" ind1=" " ind2=" ">
    <subfield code="9">185098</subfield>
    <subfield code="a">Actions and defenses</subfield>
  </datafield>
  <datafield tag="655" ind1=" " ind2="0">
    <subfield code="9">191083</subfield>
    <subfield code="a"> History.  Military history</subfield>
  </datafield>
  <datafield tag="658" ind1=" " ind2=" ">
    <subfield code="9">172178</subfield>
    <subfield code="a">Aging</subfield>
  </datafield>
  <datafield tag="662" ind1=" " ind2=" ">
    <subfield code="9">189420</subfield>
    <subfield code="a">Africa</subfield>
  </datafield>
  <datafield tag="690" ind1=" " ind2=" ">
    <subfield code="9">185403</subfield>
    <subfield code="a">Air planes, military- flight testing</subfield>
  </datafield>
  <datafield tag="711" ind1=" " ind2=" ">
    <subfield code="9">178758</subfield>
    <subfield code="a">Bible Society of South Africa</subfield>
  </datafield>
  <datafield tag="942" ind1=" " ind2=" ">
    <subfield code="2">ddc</subfield>
    <subfield code="c">BOOK</subfield>
    <subfield code="w">559</subfield>
    <subfield code="x">Nosiswe Mogale</subfield>
    <subfield code="y">559</subfield>
    <subfield code="z">Nosiswe Mogale</subfield>
  </datafield>
  <datafield tag="999" ind1=" " ind2=" ">
    <subfield code="c">786049</subfield>
    <subfield code="d">786048</subfield>
  </datafield>
  <datafield tag="952" ind1=" " ind2=" ">
    <subfield code="0">0</subfield>
    <subfield code="1">0</subfield>
    <subfield code="2">ddc</subfield>
    <subfield code="4">0</subfield>
    <subfield code="7">0</subfield>
    <subfield code="8">300</subfield>
    <subfield code="a">MKHUL</subfield>
    <subfield code="b">MKHUL</subfield>
    <subfield code="c">Non_Fiction</subfield>
    <subfield code="d">2025-09-18</subfield>
    <subfield code="l">0</subfield>
    <subfield code="o">364.05 HALL</subfield>
    <subfield code="p">33228 02472431 0</subfield>
    <subfield code="r">2025-09-18</subfield>
    <subfield code="w">2025-09-18</subfield>
    <subfield code="y">BOOK</subfield>
  </datafield>
</record>
